00841nam a2200277Ia 4500001000700000003000500007008004100012010001100053040000900064082001500073100006900088245006400157260008200221300001100303440000500314500000500319503000500324650007400329901001500403902000600418910000900424942000600433942000700439999001900446952009800465Z_2913CHAP220113s1996 xx 000 0 und d a165996 cCHAP a636.294 S5 aSimposio sobre venados en México (5 : 1996 : México)9140023 aMemoria /cpor Universidad Nacional Autónoma de México aMéxico, D. F. :bUNAM. Facultad de Medicina Veterinaria y Zootecnia,c1996 a216 p. a a a aVenados I. UNAM. Facultad de Medicina Veterinaria y Zootecnia9140024 a636.294 S5 aA a1996 c1 cc1 c165996d165996 00102ddc40708GRALaZbZc1d2005-11-09pz_3071r2022-01-18 00:00:00t1w2022-01-18yLIBRO